000 00531cam a2200157u 4500
082 _a940.27
_bWOO
_cD
100 1 _aWood, Evelyn,
_949296
245 1 0 _aCavalry in the Waterloo campaign,
250 _a2d ed.
260 _aLondon,
_bS. Low, Marston, and company,
_c1895.
300 _axvi, 203, [1] p.
_bincl. front. (port.) illus., plates. fold. maps, fold. plans.
_c20 cm.
526 _a0
_b0
_c0
_d940_270000000000000_WOO
650 0 _aMCE
_9379
650 0 _aWaterloo, Battle of, Waterloo, Belgium, 1815.
_949627
942 _2ddc
_cBK
999 _c552412
_d552412